[Event "Xtracon Chess Open 2019"]
[Site "Helsingor DEN"]
[Date "2019.07.21"]
[Round "2.147"]
[White "Haraldsson, Leif"]
[Black "Willard, Hakan"]
[Result "1/2-1/2"]
[WhiteElo "1857"]
[BlackElo "1614"]
[WhiteFideId "1710648"]
[BlackFideId "1733621"]
[EventDate "2019.07.20"]

1. f4 d5 2. Nf3 Nf6 3. g3 c5 4. d3 Nc6 5. Bg2 Bd7 6. O-O e6 7. c3 Be7 8. Qe1 O-O
9. e4 dxe4 10. dxe4 Qc7 11. Na3 Rad8 12. h3 a6 13. Nc2 b5 14. g4 Bc8 15. Nh2 Bb7
16. g5 Nd7 17. f5 exf5 18. exf5 Bd6 19. Ng4 Bg3 20. Qe4 Rfe8 21. Qf3 Na5 22. Bf4
Bxf4 23. Qxf4 Qxf4 24. Rxf4 Bxg2 25. Kxg2 Nc4 26. b3 Nce5 27. Nf2 Nb6 1/2-1/2

[Event "Xtracon Chess Open 2019"]
[Site "Helsingor DEN"]
[Date "2019.07.21"]
[Round "2.148"]
[White "Stromhaug, Kristoffer Wang"]
[Black "Hempler, Poul"]
[Result "1-0"]
[WhiteElo "1566"]
[BlackElo "1856"]
[WhiteFideId "1533401"]
[BlackFideId "1468464"]
[EventDate "2019.07.20"]

1. e4 c6 2. d4 d5 3. Nd2 dxe4 4. Nxe4 Bf5 5. Ng3 Bg6 6. h4 h6 7. Nf3 e6 8. Bc4
Nf6 9. O-O Nbd7 10. Qe2 Be7 11. Re1 Nd5 12. Bb3 Bxh4 13. c4 Nc7 14. Bf4 Bxg3 15.
Bxg3 O-O 16. Ne5 Nxe5 17. Qxe5 Ne8 18. d5 exd5 19. cxd5 cxd5 20. Qxd5 Qb6 21.
Re7 Nf6 22. Qxb7 Qxb7 23. Rxb7 Ne4 24. Bf4 Nc5 25. Rb5 Nxb3 26. Rxb3 Rac8 27.
Ra3 Rc2 28. Rxa7 Rxb2 29. a4 Rc8 30. Ra3 Rcc2 31. Bg3 Bf5 32. a5 g5 33. Ra8+ Kh7
34. a6 Ra2 35. Re3 Kg6 36. Ree8 Kh5 37. a7 Ra1+ 38. Kh2 Rcc1 39. Bd6 Kg4 40. f3+
Kh5 41. Rh8 Rc6 42. Be5 Raa6 43. Bd4 g4 44. Rab8 gxf3 45. gxf3 Rc2+ 46. Kg3 Rc4
47. Be3 Rg6+ 48. Kf2 Rc2+ 49. Ke1 Ra2 50. a8=Q Rxa8 51. Rxa8 Be6 52. Ra5+ f5 53.
Kf2 Bd7 54. Ra1 f4 55. Bxf4 Rg5 56. Bxg5 Kxg5 57. Ra5+ Kf6 58. Rxh6+ Kg7 59. Rd6
Be8 60. Ra7+ Bf7 61. Rdd7 Kf6 62. Rxf7+ Ke5 63. Ra5+ 1-0

[Event "Xtracon Chess Open 2019"]
[Site "Helsingor DEN"]
[Date "2019.07.21"]
[Round "2.149"]
[White "Stage, Allan Juul"]
[Black "Svane, Freja"]
[Result "1/2-1/2"]
[WhiteElo "1855"]
[BlackElo "1600"]
[WhiteFideId "1452371"]
[BlackFideId "12940100"]
[EventDate "2019.07.20"]

1. d4 d5 2. Bf4 Nf6 3. e3 Bf5 4. c3 e6 5. Nf3 Bd6 6. Bg3 Bxg3 7. hxg3 h6 8. Bd3
Bxd3 9. Qxd3 O-O 10. Nbd2 Nbd7 11. Rh4 Re8 12. Ne5 c5 13. Ndf3 cxd4 14. exd4 Ne4
15. Nxd7 Qxd7 16. Ne5 Qe7 17. f4 Qf6 18. Qf3 Nd6 19. O-O-O Rac8 20. Rh3 b5 21.
Kb1 Qf5+ 22. Qd3 Qe4 23. Qxe4 Nxe4 24. Nd3 b4 25. Nxb4 Nf2 26. Rhh1 Nxh1 27.
Rxh1 Rb8 28. Nd3 Rec8 29. Kc2 a5 30. g4 Re8 31. Rh5 Kf8 32. Ne5 Rb7 33. Nc6 a4
34. g5 Rc7 35. gxh6 gxh6 36. Ne5 Kg7 37. Ng4 Rb7 38. f5 exf5 39. Rxf5 Re2+ 40.
Kd3 Rxg2 41. Ne3 Rgxb2 42. Rxd5 Ra7 43. a3 Kg6 44. Re5 h5 45. d5 Rd7 46. Re4 Ra7
47. Nc4 Rb1 48. d6 Rd1+ 49. Nd2 Rd7 50. Rd4 h4 51. Ke2 Rh1 52. Nf3 h3 53. Ne5+
Kg5 54. Nxd7 h2 55. Ne5 Re1+ 56. Kxe1 h1=Q+ 57. Kd2 1/2-1/2

[Event "Xtracon Chess Open 2019"]
[Site "Helsingor DEN"]
[Date "2019.07.21"]
[Round "2.150"]
[White "Tummasarson, Flovin M."]
[Black "Amin, Idris"]
[Result "0-1"]
[WhiteElo "1561"]
[BlackElo "1853"]
[WhiteFideId "7202431"]
[BlackFideId "1746022"]
[EventDate "2019.07.20"]

1. e4 d5 2. exd5 Nf6 3. d4 Nxd5 4. c4 Nb6 5. Nf3 Bg4 6. Be2 e6 7. c5 Nd5 8. Nc3
Nxc3 9. bxc3 Nc6 10. Ne5 Bxe2 11. Qxe2 Qd5 12. f4 Be7 13. O-O O-O 14. Be3 f5 15.
Qd3 Rad8 16. Qc2 Rf6 17. c4 Nxd4 18. Qd1 Qe4 19. Re1 Nc2 20. Qh5 Nxe1 21. Rxe1
Bxc5 22. Ng4 Rg6 23. Qh4 Bxe3+ 24. Nxe3 Rd2 25. Re2 Qd3 26. Nd5 Qd4+ 27. Kh1
Rd1+ 28. Re1 Rxe1+ 29. Qxe1 Kf7 30. Ne3 Qxf4 0-1

[Event "Xtracon Chess Open 2019"]
[Site "Helsingor DEN"]
[Date "2019.07.21"]
[Round "2.151"]
[White "Hilbenz, Guntram"]
[Black "Rempe, Janne"]
[Result "1-0"]
[WhiteElo "1845"]
[BlackElo "1594"]
[WhiteFideId "4686586"]
[BlackFideId "16202392"]
[EventDate "2019.07.20"]

1. c4 d6 2. g3 Nf6 3. Bg2 e5 4. Nc3 Nbd7 5. Nf3 Be7 6. d3 c6 7. a3 O-O 8. O-O
Re8 9. b4 a6 10. Bb2 Nf8 11. Qc2 Ng6 12. Rac1 Bd7 13. d4 Rc8 14. dxe5 Nxe5 15.
Nxe5 dxe5 16. c5 h5 17. Rcd1 Rc7 18. Na4 e4 19. Be5 Rc8 20. Nb6 Rc7 21. Bxc7
Qxc7 22. Nxd7 Nxd7 23. Qxe4 Nf6 24. Qf4 Qc8 25. Rd3 Rf8 26. Rfd1 Nh7 27. Rd7 Bg5
28. Qc7 Qe8 29. Bf3 Nf6 30. Rd8 Qe6 31. Rxf8+ Kxf8 32. Qd8+ Qe8 33. Qxe8+ Kxe8
34. h4 Bh6 35. e4 g6 36. Bg2 Ng4 37. Bh3 Nf6 38. Bc8 Nxe4 39. Bxb7 Nc3 40. Bxc6+
Ke7 41. Rd7+ Kf6 42. Bd5 Nxd5 43. Rxd5 Bf8 44. Rd1 1-0

[Event "Xtracon Chess Open 2019"]
[Site "Helsingor DEN"]
[Date "2019.07.21"]
[Round "2.152"]
[White "Eiholt, Bjarne"]
[Black "Larsen, Preben R."]
[Result "1/2-1/2"]
[WhiteElo "1558"]
[BlackElo "1844"]
[WhiteFideId "1411225"]
[BlackFideId "1425790"]
[EventDate "2019.07.20"]

1. d4 Nf6 2. c4 e6 3. Nc3 Bb4 4. Bg5 c6 5. Qc2 d5 6. cxd5 cxd5 7. e3 Nc6 8. Bd3
h6 9. Bh4 Bd7 10. Nf3 Rc8 11. O-O Bxc3 12. bxc3 Nb4 13. Qd2 Nxd3 14. Qxd3 Qa5
15. Bxf6 gxf6 16. Rfc1 Bb5 17. Qc2 Rc7 18. Nd2 Bc4 19. Nb3 Qa4 20. e4 dxe4 21.
Qxe4 Bxb3 22. axb3 Qxb3 23. Qf4 Rc8 24. Qxf6 Rg8 25. Qf3 a6 26. Rab1 1/2-1/2

[Event "Xtracon Chess Open 2019"]
[Site "Helsingor DEN"]
[Date "2019.07.21"]
[Round "2.153"]
[White "Lye, Sverre"]
[Black "Damm, Henrik"]
[Result "1-0"]
[WhiteElo "1839"]
[BlackElo "1591"]
[WhiteFideId "1539353"]
[BlackFideId "1425013"]
[EventDate "2019.07.20"]

1. e4 e5 2. Nf3 Nc6 3. Bc4 Nf6 4. d3 Bc5 5. O-O O-O 6. c3 d5 7. exd5 Nxd5 8. b4
Be7 9. b5 Na5 10. Bxd5 Qxd5 11. c4 Qd6 12. Qe1 b6 13. Ba3 Qd8 14. Bxe7 Qxe7 15.
Qxe5 Re8 16. Qxe7 Rxe7 17. Nc3 Bg4 18. Nd5 Re2 19. Nxc7 Rc8 20. Rfe1 Bxf3 21.
gxf3 Rxe1+ 22. Rxe1 Rf8 23. Re7 h5 24. Nd5 Ra8 25. Nb4 h4 26. Kg2 g5 27. Nc6 a6
28. Nxa5 bxa5 29. b6 Kg7 30. c5 Rd8 31. b7 Rxd3 32. b8=Q h3+ 33. Kxh3 Rxf3+ 34.
Kg2 1-0

[Event "Xtracon Chess Open 2019"]
[Site "Helsingor DEN"]
[Date "2019.07.21"]
[Round "2.154"]
[White "Starup, Leo"]
[Black "Rempe, Jonas"]
[Result "0-1"]
[WhiteElo "1556"]
[BlackElo "1839"]
[WhiteFideId "1422669"]
[BlackFideId "16202406"]
[EventDate "2019.07.20"]

1. e4 e5 2. Nf3 Nc6 3. Bb5 a6 4. Ba4 Nf6 5. d3 b5 6. Bb3 Be7 7. a3 O-O 8. O-O d6
9. h3 Be6 10. c3 h6 11. Bc2 d5 12. exd5 Qxd5 13. Re1 Bc5 14. Qe2 Rfe8 15. Nbd2
Rad8 16. Nf1 Bf5 17. Be3 Bxd3 18. Bxd3 Bxe3 19. Qxe3 Qxd3 20. Qc1 e4 21. Nd4
Nxd4 22. cxd4 Qxd4 23. Re2 Qe5 24. f4 Qd6 25. Rd2 Qb6+ 26. Kh1 Nd5 27. f5 Qf6
28. g4 e3 29. Rxd5 Rxd5 30. Nxe3 Rde5 31. Ng2 Qd6 32. Qc3 Qd5 33. Kh2 Re2 34.
Rg1 R8e3 35. Qxe3 Rxe3 36. Nxe3 Qe5+ 0-1

[Event "Xtracon Chess Open 2019"]
[Site "Helsingor DEN"]
[Date "2019.07.21"]
[Round "2.155"]
[White "Gjelstrup, Ole"]
[Black "Vehl, Tina"]
[Result "1/2-1/2"]
[WhiteElo "1544"]
[BlackElo "1823"]
[WhiteFideId "1413481"]
[BlackFideId "1418262"]
[EventDate "2019.07.20"]

1. e4 c5 2. Nc3 Nc6 3. g4 g6 4. Nge2 Bg7 5. Bg2 d6 6. Ng3 e5 7. Nd5 b5 8. c3 Rb8
9. O-O Nge7 10. Ne3 O-O 11. b3 a5 12. Bb2 Be6 13. Qc2 Qd7 14. g5 Bh3 15. f4 exf4
16. Rxf4 Bxg2 17. Kxg2 f6 18. gxf6 Rxf6 19. Rxf6 Bxf6 20. d3 Rf8 21. Rf1 d5 22.
exd5 Nxd5 23. Nxd5 Qxd5+ 24. Kg1 Qg5 25. Kh1 Qd5+ 26. Kg1 Ne5 27. Ne4 Bg7 28.
Rxf8+ Kxf8 29. Qf2+ Qf7 30. Qxf7+ Kxf7 31. Nxc5 Nc6 32. d4 Ke7 33. Nd3 Kd6 34.
a3 Kd5 35. Kf2 Bf8 36. Kf3 g5 37. h3 h5 38. Nf2 Bd6 39. Ne4 g4+ 40. hxg4 hxg4+
41. Ke3 Be7 42. Kf4 Nd8 43. Ng3 Ne6+ 44. Kxg4 Bg5 45. Kf5 Bh4 46. Nh5 Bg5 47.
Nf6+ Kd6 48. d5 Bxf6 49. dxe6 Bh8 50. Bc1 Bxc3 51. Bg5 Bb2 52. a4 bxa4 53. bxa4
Bc3 54. Bf6 Bb4 55. Bd8 Bc3 56. Bxa5 Bxa5 57. Kf6 Bd8+ 58. Kf7 Kc5 59. Ke8 Bh4 1/2-1/2

[Event "Xtracon Chess Open 2019"]
[Site "Helsingor DEN"]
[Date "2019.07.21"]
[Round "2.156"]
[White "Frederiksen Kristian, Pade"]
[Black "Rempe, Mieke"]
[Result "1-0"]
[WhiteElo "1822"]
[BlackElo "1558"]
[WhiteFideId "1435205"]
[BlackFideId "16202384"]
[EventDate "2019.07.20"]

1. d4 Nf6 2. c4 e6 3. Nf3 d5 4. g3 c5 5. Bg2 Nc6 6. O-O Be7 7. cxd5 Nxd5 8. Nc3
Nxc3 9. bxc3 Bf6 10. Bb2 Qb6 11. Rb1 Qa5 12. Qb3 O-O 13. e4 cxd4 14. cxd4 Rd8
15. e5 Be7 16. Rfd1 Bd7 17. Bc3 Qa6 18. Bf1 Qb6 19. Qxb6 axb6 20. Rxb6 Rxa2 21.
Rxb7 Rc2 22. Ba1 Nb4 23. Ne1 Ra2 24. Bg2 Ba4 25. Rc1 Nc2 26. Nxc2 Bg5 27. f4
Bxf4 28. gxf4 Bxc2 29. Rc7 Bg6 30. d5 h6 31. d6 Kf8 32. Rc8 Ke8 33. Bc6+ 1-0

[Event "Xtracon Chess Open 2019"]
[Site "Helsingor DEN"]
[Date "2019.07.21"]
[Round "2.157"]
[White "Joensen, Sigurd"]
[Black "Leonhardsen, Vebjorn Maanum"]
[Result "0-1"]
[WhiteElo "1532"]
[BlackElo "1820"]
[WhiteFideId "7200935"]
[BlackFideId "1539515"]
[EventDate "2019.07.20"]

1. e4 c6 2. Nc3 d5 3. d4 dxe4 4. Nxe4 Bf5 5. Ng3 Bg6 6. c3 Nf6 7. Nf3 Nbd7 8.
Bd3 Bxd3 9. Qxd3 e6 10. O-O Bd6 11. Ne4 Nxe4 12. Qxe4 Nf6 13. Qh4 O-O 14. Bg5
Be7 15. Rfe1 a5 16. Rad1 a4 17. Bxf6 Bxf6 18. Qe4 Qb6 19. Qc2 Rfd8 20. Nd2 h6
21. Ne4 Be7 22. h3 Qc7 23. b4 axb3 24. axb3 Ra3 25. Nd2 Rda8 26. b4 Ra2 27. Qd3
R8a3 28. Rb1 Qf4 29. Re2 Qb8 30. Ne4 Qa7 31. Rxa2 Rxa2 32. Nc5 b6 33. Ne4 Qa6
34. Qxa6 Rxa6 35. b5 cxb5 36. Rxb5 Ra1+ 37. Kh2 f5 38. Nd2 Bd6+ 39. g3 Bc7 40.
Nb1 Kf7 41. Kg2 Ke7 42. f4 Ra2+ 43. Kf3 Kd6 44. g4 g6 45. gxf5 gxf5 46. Rb3 Kc6
47. Na3 Rd2 48. c4 Rxd4 49. Re3 Rxf4+ 50. Kg2 Re4 51. Rxe4 fxe4 52. Kf2 Bf4 53.
Ke2 Kc5 0-1

[Event "Xtracon Chess Open 2019"]
[Site "Helsingor DEN"]
[Date "2019.07.21"]
[Round "2.158"]
[White "Rasmussen, Morten1"]
[Black "Zheng, Jerry Z"]
[Result "1-0"]
[WhiteElo "1816"]
[BlackElo "1553"]
[WhiteFideId "1410865"]
[BlackFideId "460990"]
[EventDate "2019.07.20"]

1. d4 Nf6 2. c4 e6 3. g3 d5 4. Nf3 Be7 5. Bg2 O-O 6. O-O dxc4 7. Qc2 a6 8. Qxc4
b5 9. Qc2 Bb7 10. Bd2 Ra7 11. Rc1 Be4 12. Qb3 Nc6 13. e3 Qa8 14. Qd1 Nb4 15. Nc3
Bd6 16. Qe2 Nbd5 17. a3 Nxc3 18. Bxc3 a5 19. Ne1 Bxg2 20. Nxg2 Qb7 21. Nf4 Rc8
22. Nd3 Ne4 23. Be1 Ng5 24. f3 Nxf3+ 25. Kf2 Ng5 26. Nf4 Qh1 27. Qxb5 Qxh2+ 28.
Kf1 Qh1+ 29. Ke2 Qf3+ 30. Kd2 Qb7 31. Qxb7 Rxb7 32. Kc2 Rcb8 33. Nd3 a4 34. Nb4
c5 35. dxc5 Bxc5 36. Kd3 Rd8+ 37. Ke2 Bxb4 38. Bxb4 h6 39. Rc4 f5 40. Rac1 Ne4
41. Rc8 Rd7 42. Kf3 Kf7 43. Rxd8 Rxd8 44. Rc7+ Kg6 45. g4 Ng5+ 46. Kg3 fxg4 47.
Kxg4 h5+ 48. Kf4 Rd5 49. Ra7 Rf5+ 50. Kg3 Rf3+ 51. Kg2 Rxe3 52. Bc3 Nf7 53. Rxa4
e5 54. Rc4 Rd3 55. a4 Rd6 56. a5 Kf6 57. b4 Nd8 58. b5 g5 59. a6 Rd7 60. b6 1-0

[Event "Xtracon Chess Open 2019"]
[Site "Helsingor DEN"]
[Date "2019.07.21"]
[Round "2.159"]
[White "Madsen, Dennis"]
[Black "Masotti, Roberto"]
[Result "0-1"]
[WhiteElo "1529"]
[BlackElo "1814"]
[WhiteFideId "1425919"]
[BlackFideId "815071"]
[EventDate "2019.07.20"]

1. d4 d5 2. e4 dxe4 3. Nc3 e5 4. d5 c6 5. Bc4 Nf6 6. Bg5 Bb4 7. Ne2 cxd5 8. Bb5+
Bd7 9. O-O Bxb5 10. Nxb5 Nbd7 11. a3 Bc5 12. Nec3 a6 13. b4 Be7 14. Nxd5 axb5
15. Nxe7 Qxe7 16. Qe2 Qe6 17. Qxb5 Qa6 0-1

[Event "Xtracon Chess Open 2019"]
[Site "Helsingor DEN"]
[Date "2019.07.21"]
[Round "2.161"]
[White "Gupta Nikhil"]
[Black "Wagner, Frank"]
[Result "1/2-1/2"]
[WhiteElo "1528"]
[BlackElo "1810"]
[WhiteFideId "25697773"]
[BlackFideId "24624241"]
[EventDate "2019.07.20"]

1. c4 e5 2. Nc3 Nf6 3. g3 c6 4. Nf3 d6 5. Bg2 Be7 6. O-O O-O 7. Rb1 Bf5 8. d3 h6
9. e4 Bh7 10. h3 Ne8 11. g4 Nd7 12. b4 Nef6 13. Nh2 Ne8 14. Ne2 g5 15. Ng3 Ng7
16. Nf5 Bxf5 17. gxf5 Nf6 18. h4 Nfh5 19. Ng4 Kh7 20. hxg5 Bxg5 21. Be3 Bf4 22.
Qf3 Qg5 23. Qh3 Rg8 24. Bf3 Nf6 25. Bxf4 exf4 26. Kh1 Nxg4 27. Qxg4 Ne8 1/2-1/2

[Event "Xtracon Chess Open 2019"]
[Site "Helsingor DEN"]
[Date "2019.07.21"]
[Round "2.162"]
[White "Nergard, Ole-Kristian"]
[Black "Nielsen, Palle"]
[Result "1-0"]
[WhiteElo "1505"]
[BlackElo "1806"]
[WhiteFideId "1543156"]
[BlackFideId "1408526"]
[EventDate "2019.07.20"]

1. e4 e5 2. Nf3 Nc6 3. d4 exd4 4. Bc4 h6 5. O-O d6 6. Nxd4 Ne5 7. Bb3 c5 8. Ne2
Bd7 9. a3 Bc6 10. Nbc3 Nf6 11. f3 Be7 12. Nf4 O-O 13. Nfd5 Nxd5 14. Nxd5 Bxd5
15. Bxd5 Qc7 16. f4 Nd7 17. Qe2 Rae8 18. Rf3 Bf6 19. c3 Nb6 20. Ba2 Re7 21. Bd2
Rfe8 22. Re3 Qc6 23. Re1 Kf8 24. Qh5 c4 25. Bb1 Re6 26. Qf5 g6 27. Qg4 h5 28.
Qh3 Bg7 29. f5 Re5 30. fxg6 fxg6 31. Rg3 R8e6 32. Bf4 Qe8 33. Bxe5 Bxe5 34. Rf3+
Kg7 35. Ref1 Nd7 36. Rf7+ Qxf7 37. Rxf7+ Kxf7 38. Qe3 Nc5 39. a4 a6 40. a5 Rf6
41. Ba2 Nb3 42. Bxb3 cxb3 43. Qb6 Bf4 44. g3 Bc1 45. Qxb7+ Kf8 46. Qxb3 Be3+ 47.
Kg2 h4 48. gxh4 Rf2+ 49. Kg3 1-0

[Event "Xtracon Chess Open 2019"]
[Site "Helsingor DEN"]
[Date "2019.07.21"]
[Round "2.163"]
[White "Lindgaard, Tobias Simon"]
[Black "Gade, Jens"]
[Result "1-0"]
[WhiteElo "1804"]
[BlackElo "1528"]
[WhiteFideId "1419820"]
[BlackFideId "1416111"]
[EventDate "2019.07.20"]

1. Nf3 Nf6 2. g3 d5 3. Bg2 e6 4. O-O Be7 5. d3 O-O 6. Qe1 h6 7. e4 dxe4 8. dxe4
Nc6 9. e5 Nh7 10. h4 f5 11. exf6 Nxf6 12. Nc3 a6 13. Bf4 Bd6 14. Rd1 Qe7 15. Ne5
Nxe5 16. Bxe5 Bxe5 17. Qxe5 c6 18. Bh3 Re8 19. Rd6 Bd7 20. Na4 Rad8 21. Nb6 Kf7
22. Re1 Kf8 23. a4 h5 24. f3 Rb8 25. g4 hxg4 26. fxg4 Qd8 27. g5 Qxb6+ 28. Kh1
Re7 29. gxf6 Rf7 30. fxg7+ Rxg7 31. Rf1+ Rf7 32. Rxf7+ Kxf7 33. Rxd7+ 1-0

[Event "Xtracon Chess Open 2019"]
[Site "Helsingor DEN"]
[Date "2019.07.21"]
[Round "2.164"]
[White "Rostrup, Nicolai"]
[Black "Hansen, Tommy"]
[Result "0-1"]
[WhiteElo "1462"]
[BlackElo "1799"]
[WhiteFideId "1445073"]
[BlackFideId "1511009"]
[EventDate "2019.07.20"]

1. e4 d5 2. d4 dxe4 3. Nc3 Nf6 4. f3 exf3 5. Nxf3 g6 6. Bg5 Bg7 7. Bc4 O-O 8.
O-O Bg4 9. Qd2 Bxf3 10. Rxf3 Nc6 11. d5 Ne5 12. Qe2 Nxf3+ 13. Qxf3 Qd6 14. Bb3
Rad8 15. Rd1 a6 16. Bf4 Qd7 17. h3 Ne8 18. Qe3 Nd6 19. g4 f5 20. g5 Kh8 21. Ne2
Nf7 22. c3 Rde8 23. Nd4 Nd8 24. Be5 e6 25. Bxg7+ Qxg7 26. dxe6 Qe7 27. Nc6 Nxc6
28. Rd7 Qxd7 29. exd7 Rxe3 30. Be6 0-1

[Event "Xtracon Chess Open 2019"]
[Site "Helsingor DEN"]
[Date "2019.07.21"]
[Round "2.165"]
[White "Krabbenhoft, Soren"]
[Black "Kalveus, Jan"]
[Result "0-1"]
[WhiteElo "1456"]
[BlackElo "1798"]
[WhiteFideId "1449117"]
[BlackFideId "1721682"]
[EventDate "2019.07.20"]

1. d4 Nf6 2. Nf3 e6 3. Bf4 d5 4. e3 Bd6 5. Bxd6 Qxd6 6. c3 c5 7. dxc5 Qxc5 8.
Qd4 Qd6 9. Nbd2 Nc6 10. Bb5 a6 11. Bxc6+ bxc6 12. Nb3 O-O 13. O-O Nd7 14. e4 a5
15. Rad1 a4 16. Nc1 Qc5 17. Rfe1 Ba6 18. Ne5 Qxd4 19. cxd4 Nxe5 20. dxe5 Rfb8
21. Rd2 Bc4 22. exd5 cxd5 23. Re3 Rb6 24. Ra3 Rba6 25. f3 h5 26. Kf2 Rb8 27. b3
axb3 28. Rxa6 b2 0-1

[Event "Xtracon Chess Open 2019"]
[Site "Helsingor DEN"]
[Date "2019.07.21"]
[Round "2.166"]
[White "Hansen, Aksel"]
[Black "Bredeli, Kent-Ove I"]
[Result "1/2-1/2"]
[WhiteElo "1790"]
[BlackElo "1515"]
[WhiteFideId "1412213"]
[BlackFideId "1522124"]
[EventDate "2019.07.20"]

1. d4 d5 2. Nf3 Nf6 3. g3 e6 4. Bg2 Bd6 5. Nbd2 Nbd7 6. O-O b6 7. Re1 Bb7 8. e4
Nxe4 9. Nxe4 dxe4 10. Ng5 Nf6 11. Qe2 O-O 12. c3 h6 13. Nxe4 Bxe4 14. Bxe4 Nxe4
15. Qxe4 c5 16. Be3 Rc8 17. Rad1 Qe7 18. dxc5 Bxc5 19. Rd2 Rfd8 20. Red1 Rxd2
21. Rxd2 Bxe3 22. Qxe3 Rd8 23. f3 Kf8 24. Kf2 Rxd2+ 25. Qxd2 Qc5+ 26. Qe3 Ke7
27. Qxc5+ bxc5 28. Ke3 Kd6 29. b4 cxb4 30. cxb4 Kd5 31. Kd3 f5 32. f4 g5 33. h3
gxf4 34. gxf4 e5 35. fxe5 Kxe5 36. h4 Kd5 37. h5 f4 38. a3 f3 39. Ke3 Kc4 40.
Kxf3 Kb3 41. Kf4 Kxa3 42. b5 Kb4 43. Kf5 Kxb5 44. Kg6 a5 45. Kxh6 a4 46. Kg7 a3
47. h6 a2 48. h7 1/2-1/2

[Event "Xtracon Chess Open 2019"]
[Site "Helsingor DEN"]
[Date "2019.07.21"]
[Round "2.167"]
[White "Storme, Joel"]
[Black "Halvorsen, Benjamin"]
[Result "0-1"]
[WhiteElo "1448"]
[BlackElo "1789"]
[WhiteFideId "1749021"]
[BlackFideId "1516604"]
[EventDate "2019.07.20"]

1. e4 d5 2. exd5 Qxd5 3. Qf3 Qxf3 4. Nxf3 Bf5 5. Bb5+ c6 6. Ba4 Nd7 7. d3 Nc5 8.
Bb3 Nxb3 9. axb3 Nf6 10. Nc3 e6 11. O-O Bd6 12. h3 Bg6 13. Bg5 h6 14. Bxf6 gxf6
15. Ne4 Be7 16. Kh1 Rg8 17. Rg1 a6 18. Ng3 O-O-O 19. Ra4 Rd5 20. Rd4 Rxd4 21.
Nxd4 Bc5 22. Nde2 Bxf2 23. Rf1 Bxg3 24. Nxg3 Bxd3 25. cxd3 Rxg3 26. Rxf6 Rxd3
27. Rxf7 h5 28. Rh7 Rd5 29. Kh2 Rb5 30. h4 a5 31. g3 Rf5 32. Kh3 Kb8 33. g4 Rf3+
34. Kg2 hxg4 35. h5 Rxb3 36. h6 Rh3 37. Rg7 Rxh6 38. Rxg4 e5 39. Re4 Re6 40. Kf3
Kc7 41. Ke3 Kd6 42. Kd3 Rf6 43. Ke3 Rf4 44. Rxf4 exf4+ 45. Kxf4 Kc5 0-1

[Event "Xtracon Chess Open 2019"]
[Site "Helsingor DEN"]
[Date "2019.07.21"]
[Round "2.168"]
[White "Zwisler, Lars Erik"]
[Black "Jensen, Jonbert M. S."]
[Result "1-0"]
[WhiteElo "1789"]
[BlackElo "1461"]
[WhiteFideId "1418351"]
[BlackFideId "1435914"]
[EventDate "2019.07.20"]

1. e4 e5 2. Bc4 Bc5 3. c3 Nf6 4. b4 Be7 5. d3 d6 6. f4 Nbd7 7. Nf3 O-O 8. f5 c6
9. Bb3 d5 10. Qe2 dxe4 11. dxe4 c5 12. a3 Qc7 13. Bb2 b6 14. O-O Bb7 15. Nbd2 a6
16. Kh1 b5 17. bxc5 Nxc5 18. c4 Nxb3 19. Bxe5 Qc6 20. Bxf6 Bxf6 21. e5 Nxd2 22.
Qxd2 Rad8 23. Qf2 Be7 24. f6 Bc5 25. Qg3 g6 26. Qf4 Qe6 27. Qh6 Bxf3 28. Qg7# 1-0

[Event "Xtracon Chess Open 2019"]
[Site "Helsingor DEN"]
[Date "2019.07.21"]
[Round "2.169"]
[White "Hein, Jacob"]
[Black "Zierott, Jan"]
[Result "0-1"]
[WhiteElo "1422"]
[BlackElo "1783"]
[WhiteFideId "1402870"]
[BlackFideId "4679040"]
[EventDate "2019.07.20"]

1. Nf3 d5 2. d4 Nf6 3. Bf4 e6 4. Nc3 a6 5. a3 c5 6. e3 Nc6 7. Be2 cxd4 8. Nxd4
Bd6 9. Bxd6 Qxd6 10. f3 e5 11. Nb3 Be6 12. O-O O-O 13. Rf2 d4 14. Ne4 Nxe4 15.
fxe4 Bxb3 16. cxb3 Rfd8 17. Bc4 Rd7 18. Qh5 Nd8 19. Raf1 g6 20. Qh6 dxe3 21.
Qxe3 Ne6 22. Bd5 Nf4 23. Rxf4 exf4 24. Rxf4 Re8 25. Qf3 Qc5+ 26. Kf1 Qc1+ 27.
Kf2 Rxd5 28. Rxf7 Qc2+ 29. Kg3 Rd3 30. Qxd3 Qxd3+ 31. Rf3 Qxe4 32. b4 Qe1+ 33.
Kh3 Re4 34. g3 Re2 35. Rc3 Qf1+ 0-1

[Event "Xtracon Chess Open 2019"]
[Site "Helsingor DEN"]
[Date "2019.07.21"]
[Round "2.170"]
[White "Viitaniemi, Olli"]
[Black "Schick, Matheo"]
[Result "1-0"]
[WhiteElo "1778"]
[BlackElo "1451"]
[WhiteFideId "515361"]
[BlackFideId "1545280"]
[EventDate "2019.07.20"]

1. c4 e5 2. g3 Nc6 3. Bg2 d6 4. Nc3 Be6 5. d3 Qd7 6. Nd5 g6 7. Bg5 Bg7 8. Qc1 h6
9. Bd2 Rc8 10. Nf3 Bh3 11. O-O Bxg2 12. Kxg2 Nge7 13. Rb1 Nf5 14. Re1 h5 15. Bg5
Qe6 16. b4 f6 17. Bd2 h4 18. Rh1 h3+ 19. Kf1 Ncd4 20. Ng1 e4 21. Nf4 Qf7 22.
dxe4 Ne7 23. f3 f5 24. exf5 Nexf5 25. e3 Nc6 26. Ngxh3 Ne5 27. Ng5 Qe7 28. Nge6
Nxg3+ 29. Kg2 Nxh1 30. Nxg7+ Qxg7 31. Qxh1 g5 32. Ne2 g4 33. f4 Nf3 34. Bc3 Qh7
35. Bxh8 Qxh8 36. h3 Qg7 37. hxg4 Qxg4+ 38. Kf2 Nd2 39. Rc1 Qe6 40. Nd4 Qe7 41.
Qh8+ Kd7 42. Qh3+ Kd8 43. Ne6+ Ke8 44. Rg1 Ne4+ 45. Kf3 1-0

[Event "Xtracon Chess Open 2019"]
[Site "Helsingor DEN"]
[Date "2019.07.21"]
[Round "2.171"]
[White "Nielsen, Pia"]
[Black "Manz, Andreas"]
[Result "0-1"]
[WhiteElo "1365"]
[BlackElo "1770"]
[WhiteFideId "1409700"]
[BlackFideId "24660108"]
[EventDate "2019.07.20"]

1. Nf3 d5 2. d4 Nf6 3. Bg5 e6 4. Nbd2 Be7 5. g3 O-O 6. Bg2 Nbd7 7. O-O c5 8. c3
h6 9. Bxf6 Bxf6 10. Qc2 Qb6 11. e3 Rd8 12. Rab1 Qd6 13. Rfd1 cxd4 14. Nxd4 b6
15. e4 Bb7 16. f4 Bxd4+ 17. cxd4 dxe4 18. Nxe4 Qb4 19. a3 Qe7 20. h4 Rac8 21.
Qf2 Rc7 22. Rbc1 Rdc8 23. Rxc7 Rxc7 24. Kh2 Nb8 25. g4 Qd8 26. Rd3 Rd7 27. Nd2
Bxg2 28. Kxg2 Nc6 29. Nb3 Rd5 30. Kg3 Qd6 31. Kh3 a5 32. a4 Qb4 33. g5 hxg5 34.
hxg5 Qxa4 35. Qg1 Qc4 36. Rc3 Qb5 37. Qd1 a4 38. Qd3 Qxd3+ 39. Rxd3 axb3 40.
Rxb3 b5 41. Ra3 g6 42. Ra6 Nxd4 43. Ra8+ Kg7 44. Kg3 Nf5+ 45. Kf3 Rd3+ 46. Ke2
Rb3 47. Kd2 Rxb2+ 48. Kc3 Rb1 49. Kc2 Rb4 50. Kc3 Rxf4 51. Rb8 b4+ 52. Kb3 Ne3
53. Kb2 Nd5 54. Kb1 Rg4 55. Kb2 Rxg5 56. Kb1 Rg2 57. Kc1 g5 58. Kd1 g4 59. Ke1
g3 60. Kd1 Ra2 61. Kc1 g2 62. Kb1 Nc3+ 63. Kc1 g1=Q# 0-1